Redstone handbook / (Record no. 3663)
[ view plain ]
| 000 -LEADER | |
|---|---|
| fixed length control field | 01146nam a22002537a 4500 |
| 001 - CONTROL NUMBER | |
| control field | 3663 |
| 003 - CONTROL NUMBER IDENTIFIER | |
| control field | FISKH |
| 005 - DATE AND TIME OF LATEST TRANSACTION | |
| control field | 20241217102639.0 |
| 008 - FIXED-LENGTH DATA ELEMENTS--GENERAL INFORMATION | |
| fixed length control field | 240403b cb ||||| |||| 00| 0 eng d |
| 040 ## - CATALOGING SOURCE | |
| Original cataloging agency | FISK |
| Language of cataloging | eng |
| Transcribing agency | FISK |
| Modifying agency | FISK |
| 050 ## - LIBRARY OF CONGRESS CALL NUMBER | |
| Classification number | GV1469.M575 |
| 082 ## - DEWEY DECIMAL CLASSIFICATION NUMBER | |
| Classification number | 794.8 |
| 100 ## - MAIN ENTRY--PERSONAL NAME | |
| Personal name | Farwell Nick |
| Dates associated with a name | 1997- |
| 245 ## - TITLE STATEMENT | |
| Title | Redstone handbook / |
| Remainder of title | Minecraft : |
| Statement of responsibility, etc. | Nick Farwell |
| 260 ## - PUBLICATION, DISTRIBUTION, ETC. | |
| Place of publication, distribution, etc. | London : |
| Name of publisher, distributor, etc. | Egmont UK Limited, |
| Date of publication, distribution, etc. | 2013 |
| 300 ## - PHYSICAL DESCRIPTION | |
| Extent | 95 pages : |
| Other physical details | Color illustrations, |
| Dimensions | 21 cm |
| 490 ## - SERIES STATEMENT | |
| Series statement | An Official Mojang Book |
| 505 ## - FORMATTED CONTENTS NOTE | |
| Formatted contents note | X |
| 520 ## - SUMMARY, ETC. | |
| Summary, etc. | It's time to wire up and get connected to one of the most complex areas of Minecraft--Redstone. Redstone experts guide you through all aspects of working with Redstone including mining, smelting, using repeaters, circuit components and circuit designs. This handbook also includes exclusive tips from game creator Notch himself and some of the most extraordinary Redstone creations ever made. So power up and get switched on to Redstone--it's electrifying --Provided by publisher. |
| 521 8# - TARGET AUDIENCE NOTE | |
| Target audience note | 1060 |
| Source | Lexile |
| 700 ## - ADDED ENTRY--PERSONAL NAME | |
| Personal name | Nick Farwell |
| 942 ## - ADDED ENTRY ELEMENTS (KOHA) | |
| Source of classification or shelving scheme | Dewey Decimal Classification |
| Koha item type | Books |
| Suppress in OPAC | No |
| Withdrawn status | Lost status | Source of classification or shelving scheme | Damaged status | Not for loan | Collection | Home library | Current library | Shelving location | Date acquired | Total Checkouts | Full call number | Barcode | Date last seen | Date last checked out | Copy number | Price effective from | Koha item type |
|---|---|---|---|---|---|---|---|---|---|---|---|---|---|---|---|---|---|
| Dewey Decimal Classification | Non-Fiction | Footprints International School Library Network Toul Kork Campus | Footprints International School Library Network Toul Kork Campus | TTP Secondary Non-Fiction Bookshelves | 04/03/2024 | 1 | FAR GV1469.M575 794.8 | 2024-0464 | 09/11/2024 | 08/27/2024 | 1 | 04/03/2024 | Books | ||||
| Dewey Decimal Classification | Non-Fiction | Footprints International School Library Network Toul Tom Poung Campus | Footprints International School Library Network Toul Tom Poung Campus | TTP Secondary Non-Fiction Bookshelves | 04/03/2024 | FAR GV1469.M575 794.8 | 2024-2461 | 12/17/2024 | 2 | 04/03/2024 | Books |
